00859nam a2200241 45000010005000000100022000051000041000271010013000682000239000812100028003202150027003483000064003756060026004396060025004656060014004906060012005046060022005166060012005386070011005507010017005617010018005788010021005966129 a978-3-905315-87-5 a20260701d u||y0frey50 ba afreager aLes saisonniers.ères en SuissedSaisonarbeitende in der Schweiz : Arbeit, Migration, Fremdenfeindlichkeit und SolidaritäteTravail, migration, xénophobie et solidaritéfMarc GigasefYan Schuberth3itraverse. Revue d'histoire  aZürichcChronosd2022 a212 p. cill. d23 cm. aCertains textes sont en français et d'autres en allemand. aDroits des immigrés aStatut de saisonnier aMigration aTravail aMouvement ouvrier aRacisme aSuisse aGigasebMarc aSchubertbYan aCHbCH-001784-0